[Event "XX Carlos Torre Wimbledon"]
[Site "Merida MEX"]
[Date "2007.12.19"]
[Round "1.4"]
[White "Tregubov, P."]
[Black "Meier, Geo"]
[Result "0-1"]
[WhiteElo "2609"]
[BlackElo "2558"]
[PlyCount "74"]
[EventDate "2007.12.19"]
[Source "www.chesslib.no"]
[SourceDate "2004.05.04"]

1. d4 e6 2. Nf3 b6 3. e4 Bb7 4. Bd3 c5 5. O-O cxd4 6. Nxd4 a6 7. c4 Bc5 8. Nb3 Be7 9. Nc3 d6 10. Qg4 g6 11. Qg3 Nd7 12. Rd1 h5 13. Bf4 h4 14. Qf3 g5 15. Be3 Ne5 16. Qe2 h3 17. g4 Nf6 18. f3 Nfd7 19. Nd2 Rc8 20. Rac1 Bf6 21. Bb1 Ng6 22. b4 Be5 23. a4 Nf4 24. Qf2 Ng2 25. Ne2 Nxe3 26. Qxe3 a5 27. b5 Nc5 28. Bc2 Qf6 29. Nf1 Nd7 30. Bd3 Bb2 31. Rb1 Ba3 32. Qf2 Bc5 33. Ne3 Ne5 34. Kh1 Qxf3+ 35. Qxf3 Nxf3 36. Nc2 Ne5 37. Ng3 Nxg4 0-1

[Event "URS-CupT"]
[Site "Tbilisi GEO"]
[Date "1976.??.??"]
[Round "?"]
[White "Karpov, Anatoly"]
[Black "Anikaev, Yuri N"]
[Result "1-0"]
[WhiteElo "2695"]
[BlackElo "2435"]
[PlyCount "73"]
[EventDate "1976.04.??"]
[Source "www.chesslib.no"]
[SourceDate "2004.05.04"]

1. e4 c5 2. Nf3 d5 3. d4 cxd4 4. Nxd4 Nf6 5. Nc3 e6 6. g4 a6 7. g5 Nfd7 8. a4 Nc6 9. Bg2 Nde5 10. Nb3 Qc7 11. f4 Nc4 12. Qe2 N4a5 13. Be3 h6 14. gxh6 Rxh6 15. f5 Rh8 16. fxe6 fxe6 17. O-O-O Ne5 18. Nxa5 Qxa5 19. Bd2 Bd7 20. b3 Qc7 21. Kb2 Rc8 22. Be1 Be7 23. Na2 Bf6 24. Kb1 b5 25. a5 Nc6 26. Qd3 Nxa5 27. e5 Bxe5 28. Rf1 Rh6 29. Bd2 Rf6 30. Nb4 Nc4 31. bxc4 bxc4 32. Qh7 Qa5 33. Qg8+ Ke7 34. Qxg7+ Ke8 35. Qg8+ Ke7 36. Nc6+ Bxc6 37. Qh7+ 1-0

[Event "Europa ch 2008"]
[Site "Plovdiv BUL"]
[Date "2008.04.25"]
[Round "5.76"]
[White "Janev, Evgeni"]
[Black "Miroshnichenko, Evgenij"]
[Result "1/2-1/2"]
[WhiteElo "2472"]
[BlackElo "2642"]
[PlyCount "67"]
[EventDate "2008.04.21"]
[Source "www.chesslib.no"]
[SourceDate "2004.05.04"]

1. e4 g6 2. d4 Bg7 3. Nf3 c5 4. c3 cxd4 5. cxd4 d5 6. exd5 Nf6 7. Nc3 Nxd5 8. Bc4 Nb6 9. Bb3 O-O 10. Be3 Bg4 11. d5 a5 12. a4 N8d7 13. h3 Bxf3 14. Qxf3 Rc8 15. O-O Nc4 16. Rac1 Nde5 17. Qe2 Nxe3 18. Qxe3 Qd6 19. Nb5 Qb4 20. Rfd1 Rxc1 21. Rxc1 Bh6 22. Qxh6 Qxb3 23. d6 exd6 24. Nxd6 Qb4 25. Nb5 Nd3 26. Rd1 Qxa4 27. Nc3 Qc4 28. Qe3 Nxb2 29. Rd2 Qb3 30. Qd4 Qc4 31. Qe3 Qb3 32. Qd4 Qc4 33. Qe3 Qb3 34. Qd4 1/2-1/2

[Event "EU-ch 2nd"]
[Site "Ohrid"]
[Date "2001.06.06"]
[Round "6"]
[White "Anastasian, Ashot"]
[Black "Chatalbashev, Boris"]
[Result "1-0"]
[WhiteElo "2574"]
[BlackElo "2518"]
[PlyCount "69"]
[EventDate "2001.06.01"]
[Source "ChessBase"]
[SourceDate "2001.09.13"]

1. d4 g6 2. e4 Bg7 3. Nf3 c5 4. c3 cxd4 5. cxd4 d5 6. e5 Bg4 7. Nbd2 Nc6 8. Bd3 Nh6 9. h3 Bf5 10. Nb3 Be4 11. O-O Nf5 12. Bb5 Qb6 13. Bxc6+ Qxc6 14. Bf4 Bxf3 15. Qxf3 e6 16. g4 Ne7 17. Bg5 b6 18. Bf6 Bxf6 19. exf6 Nc8 20. Nc1 Nd6 21. Nd3 Ne4 22. Ne5 Qd6 23. Qf4 h6 24. Rac1 Qd8 25. f3 g5 26. Qe3 Nxf6 27. f4 Nd7 28. Nxf7 Kxf7 29. fxg5+ Ke7 30. Rc6 Qg8 31. gxh6 Qg6 32. Rc7 Qxh6 33. Qa3+ Ke8 34. Rxd7 Qg5 35. Rd6 1-0

[Event "Zala Cup"]
[Site "Zalaegerszeg"]
[Date "1977.??.??"]
[Round "10"]
[White "Vasiukov, Evgeni A"]
[Black "Barczay, Laszlo"]
[Result "1/2-1/2"]
[WhiteElo "2565"]
[BlackElo "2470"]
[PlyCount "84"]
[EventDate "1977.07.??"]
[Source "www.chesslib.no"]
[SourceDate "2004.05.04"]

1. e4 c5 2. Nf3 d5 3. Bb5+ Nd7 4. d4 cxd4 5. Qxd4 Ngf6 6. Bg5 a6 7. Bxd7+ Nxd7 8. Nc3 h6 9. Bh4 e5 10. Qd2 g5 11. Bg3 Nb6 12. Qd3 Be6 13. Nd2 Bg7 14. O-O-O O-O 15. Ndb1 Qf6 16. f3 dxe4 17. Qd6 Nc4 18. Nd5 Nxd6 19. Nxf6+ Bxf6 20. Rxd6 Be7 21. Rdd1 Bc5 22. Nc3 Rac8 23. Bxe5 Bf2 24. Bd4 Bxd4 25. Rxd4 Rc5 26. Rhd1 Kg7 27. Rb4 b5 28. Rd6 Ra8 29. a4 bxa4 30. Nxa4 Re5 31. Kd2 a5 32. Rb7 Re8 33. Nc3 g4 34. Rb5 Rxb5 35. Nxb5 Rb8 36. Nd4 Rxb2 37. Nxe6+ fxe6 38. Rxe6 Rb1 39. Ke3 Rc1 40. Rc6 a4 41. Rc3 a3 42. Rxa3 Rxc2 1/2-1/2

[Event "VIII Dos Hermanas Internet"]
[Site "ICC INT"]
[Date "2007.03.23"]
[Round "2.3"]
[White "Sammour Hasbun, J."]
[Black "Guseinov, G."]
[Result "1-0"]
[WhiteElo "2449"]
[BlackElo "2585"]
[PlyCount "31"]
[EventDate "2007.03.23"]
[Source "www.chesslib.no"]
[SourceDate "2004.05.04"]

1. e4 c5 2. c3 g6 3. Nf3 Bg7 4. Na3 Nf6 5. e5 Nd5 6. d4 cxd4 7. Qxd4 Nc7 8. Qh4 Nc6 9. Bh6 Bxh6 10. Qxh6 Ne6 11. O-O-O Qc7 12. Bc4 a6 13. Rhe1 b5 14. Bxe6 dxe6 15. Qg7 Rf8 16. Ng5 1-0

[Event "Dhaka"]
[Site "Dhaka BAN"]
[Date "1993.??.??"]
[Round "?"]
[White "Norwood, David"]
[Black "King, Daniel J"]
[Result "1/2-1/2"]
[WhiteElo "2525"]
[BlackElo "2500"]
[PlyCount "34"]
[EventDate "1993.??.??"]
[Source "www.chesslib.no"]
[SourceDate "2004.05.04"]

1. Nf3 g6 2. e4 Bg7 3. d4 c5 4. c3 cxd4 5. cxd4 d5 6. e5 Nc6 7. h3 f6 8. Nc3 fxe5 9. Nxe5 Nxe5 10. dxe5 Bxe5 11. Nxd5 Nf6 12. Nxf6+ Bxf6 13. Qb3 Qa5+ 14. Bd2 Qe5+ 15. Be3 Qa5+ 16. Bd2 Qe5+ 17. Be3 Qa5+ 1/2-1/2

[Event "Montpellier"]
[Site "Montpellier FRA"]
[Date "1993.??.??"]
[Round "?"]
[White "Hickl, Joerg"]
[Black "Bauer, Christian"]
[Result "1-0"]
[WhiteElo "2540"]
[BlackElo "2485"]
[PlyCount "105"]
[EventDate "1993.12.??"]
[Source "www.chesslib.no"]
[SourceDate "2004.05.04"]

1. e4 c5 2. c3 g6 3. Nf3 Bg7 4. d3 Nc6 5. Be2 e6 6. Be3 b6 7. O-O Nge7 8. d4 cxd4 9. Nxd4 O-O 10. Nxc6 Nxc6 11. Na3 Ne7 12. Qd6 Bb7 13. f3 Nc8 14. Qd2 d5 15. exd5 Bxd5 16. Bg5 Qc7 17. Nb5 Qb7 18. Bf4 Ne7 19. c4 Bc6 20. Nd6 Qd7 21. Rad1 e5 22. Be3 Rad8 23. Bg5 Qe6 24. c5 bxc5 25. Bc4 Qxc4 26. Nxc4 Rxd2 27. Nxd2 Nf5 28. Ne4 Bxe4 29. fxe4 Nd4 30. g4 Rb8 31. Rf2 Bf8 32. Be3 Be7 33. b3 Bh4 34. Bxd4 exd4 35. Rc2 Be7 36. Kf2 Bd6 37. Ke2 Rb5 38. Kd3 Rb4 39. h3 f6 40. Rc4 Rb7 41. Ra4 Kf7 42. Ra6 Ke6 43. Rc1 Ke5 44. Rc4 h5 45. gxh5 Rh7 46. b4 Rxh5 47. bxc5 Rxh3+ 48. Kc2 Bb8 49. c6 Rh7 50. Raa4 Rh2+ 51. Kb3 Rh3+ 52. Kb4 Kd6 53. Ra6 1-0

[Event "Ajaccio FRA, 2. Open"]
[Site "?"]
[Date "2005.10.26"]
[Round "2"]
[White "Midoux Sebastien"]
[Black "Bacrot Etienne"]
[Result "0-1"]
[WhiteElo "2298"]
[BlackElo "2725"]
[PlyCount "106"]
[EventDate "2005.??.??"]
[Source "www.chesslib.no"]
[SourceDate "2004.05.04"]

1. e4 b6 2. d4 Bb7 3. Bd3 e6 4. Nf3 c5 5. O-O cxd4 6. Nxd4 Nc6 7. Nxc6 Bxc6 8. Qe2 Ne7 9. Nc3 Ng6 10. f4 Bc5+ 11. Kh1 O-O 12. Bd2 Rc8 13. Rad1 Kh8 14. a3 f5 15. Bc1 a5 16. Bb5 Qc7 17. Bxc6 dxc6 18. e5 Rfd8 19. Qc4 Qe7 20. Na4 Rxd1 21. Rxd1 Rd8 22. Rd3 Rxd3 23. Qxd3 h6 24. g3 b5 25. Nxc5 Qxc5 26. Be3 Qe7 27. Qc3 Qd7 28. Qd4 Qe8 29. Qd6 a4 30. Bc5 Kh7 31. Kg2 Nh8 32. Qe7 Qg6 33. Qd7 Qg4 34. Qxc6 Ng6 35. Kf2 Qd1 36. Be3 Ne7 37. Qxb5 Qxc2+ 38. Qe2 Qb1 39. Kg2 Qe4+ 40. Qf3 Qc2+ 41. Qf2 Qd1 42. Qd2 Nd5 43. Qf2 Qd3 44. Bd2 Qe4+ 45. Kg1 Qb1+ 46. Be1 g5 47. fxg5 hxg5 48. Qe2 Kg6 49. Kg2 f4 50. Bc3 Ne3+ 51. Kh3 Qe4 52. Bd2 g4+ 53. Kh4 Nf5+ 0-1

[Event "Zillertal Open"]
[Site "Zillertal"]
[Date "1993.??.??"]
[Round "?"]
[White "Lupu, Mircea-Sergiu"]
[Black "Hertneck, Gerald"]
[Result "0-1"]
[WhiteElo "2435"]
[BlackElo "2575"]
[PlyCount "112"]
[EventDate "1993.06.??"]
[Source "www.chesslib.no"]
[SourceDate "2004.05.04"]

1. e4 e6 2. d4 b6 3. Nf3 Bb7 4. Bd3 c5 5. O-O cxd4 6. Nxd4 Nc6 7. Nxc6 dxc6 8. Be3 Nf6 9. Qe2 Nd7 10. Ba6 Bxa6 11. Qxa6 Qc7 12. Qe2 Be7 13. Nd2 O-O 14. f4 e5 15. f5 Rfd8 16. Rad1 b5 17. Kh1 f6 18. Nf3 Qa5 19. a3 Qa4 20. Bc1 Qc4 21. Rde1 Qxe2 22. Rxe2 Nc5 23. g4 Rd7 24. Kg2 Rad8 25. Rfe1 a5 26. Rd2 Kf7 27. Rxd7 Rxd7 28. g5 g6 29. fxg6+ hxg6 30. Bd2 a4 31. Bc3 Ke6 32. Kg3 Rd8 33. gxf6 Bxf6 34. Kg4 Nd7 35. Rd1 Be7 36. Ng5+ Bxg5 37. Kxg5 Rh8 38. Rd2 Nf6 39. Re2 Rh5+ 40. Kxg6 Rh4 41. Bd2 Ng4 42. Kg5 Rxh2 43. Rxh2 Nxh2 44. Bb4 Nf3+ 45. Kg4 Nd4 46. Bc5 Nxc2 47. Kf3 Nd4+ 48. Ke3 Nb3 49. Ba7 c5 50. Kd3 c4+ 51. Ke3 Na5 52. Bc5 Nc6 53. Kd2 Kf6 54. Ke3 Nd8 55. Bd6 Ne6 56. Bb8 Nc5 0-1

[Event "Belgique 83/89"]
[Site "?"]
[Date "2001.??.??"]
[Round "?"]
[White "Glek, I."]
[Black "Van Mil, J."]
[Result "1-0"]
[WhiteElo "2590"]
[BlackElo "2416"]
[PlyCount "79"]
[EventDate "2001.??.??"]
[Source "Chess Informant"]
[SourceDate "2001.10.01"]

1. e4 g6 2. d4 Bg7 3. Nf3 c6 4. c4 d5 5. cxd5 cxd5 6. exd5 Nf6 7. Bc4 O-O 8. Nc3 Nbd7 9. O-O Nb6 10. Bb3 Nfxd5 11. Re1 Bg4 12. Bg5 h6 13. Bh4 g5 14. Bg3 e6 15. h3 Bh5 16. Ne4 Nf4 17. Bxf4 gxf4 18. Nc5 Bxf3 19. Qxf3 Qxd4 20. Nd3 Rad8 21. Rad1 Qf6 22. Re4 Nd5 23. Rde1 Qg5 24. Bc2 h5 25. Bb3 Rd6 26. Re5 Bxe5 27. Rxe5 Qg7 28. h4 Ne7 29. Rg5 Ng6 30. Nxf4 Rd4 31. Nxe6 fxe6 32. Bxe6+ Rf7 33. Qxf7+ Qxf7 34. Rxg6+ Kf8 35. Bxf7 Kxf7 36. Rh6 Rd1+ 37. Kh2 Rd2 38. Rxh5 Rxb2 39. Ra5 a6 40. f4 1-0

[Event "Dubna"]
[Site "Dubna"]
[Date "1979.??.??"]
[Round "?"]
[White "Panchenko, Alexander N"]
[Black "Sahovic, Dragutin"]
[Result "0-1"]
[WhiteElo "2485"]
[BlackElo "2520"]
[PlyCount "60"]
[EventDate "1979.??.??"]
[Source "www.chesslib.no"]
[SourceDate "2004.05.04"]

1. e4 b6 2. d4 e6 3. Nf3 Bb7 4. Bd3 c5 5. O-O cxd4 6. Nxd4 d6 7. Nc3 Nf6 8. f4 Nbd7 9. Qe2 a6 10. Kh1 Nc5 11. b4 Nxd3 12. cxd3 Rc8 13. Bd2 Be7 14. Rf3 O-O 15. Raf1 g6 16. Rh3 e5 17. fxe5 dxe5 18. Nf5 gxf5 19. Rxf5 Qd6 20. d4 exd4 21. e5 Qe6 22. Qd3 Rxc3 23. Bxc3 Ne4 24. Rf4 dxc3 25. Rxe4 Bxe4 26. Qxe4 f5 27. Qe2 Rc8 28. Qh5 Qg6 29. Rg3 Qxg3 30. hxg3 c2 0-1

[Event "Mancha Real"]
[Site "?"]
[Date "2000.07.24"]
[Round "6"]
[White "Stefanova Antoaneta"]
[Black "Hoffman Alejandro"]
[Result "1/2-1/2"]
[WhiteElo "2514"]
[BlackElo "2491"]
[PlyCount "82"]
[EventDate "2000.??.??"]
[Source "www.chesslib.no"]
[SourceDate "2004.05.04"]

1. d4 g6 2. e4 Bg7 3. Nc3 c5 4. dxc5 Qa5 5. Nf3 Bxc3+ 6. bxc3 Qxc3+ 7. Bd2 Qxc5 8. Rb1 d6 9. Rb3 Nd7 10. Bb5 Ngf6 11. Qe2 O-O 12. O-O a6 13. Bxd7 Bxd7 14. e5 dxe5 15. Bb4 Bb5 16. Bxc5 Bxe2 17. Bxe7 Bxf1 18. Kxf1 Ne4 19. Bxf8 Rxf8 20. Rxb7 Rc8 21. Ne1 Nc3 22. a3 e4 23. g4 Rc5 24. h4 h5 25. g5 a5 26. Re7 Kf8 27. Ra7 Nb1 28. a4 Nc3 29. Ng2 Nxa4 30. c4 Rxc4 31. Rxa5 Rc1+ 32. Ke2 Rc2+ 33. Ke3 Nb2 34. Ra8+ Kg7 35. Nf4 Nd1+ 36. Kxe4 Rxf2 37. Nd5 Rf5 38. Nf6 Nf2+ 39. Kd4 Rxf6 40. gxf6+ Kxf6 41. Ke3 Ng4+ 1/2-1/2

[Event "Itau Cup 6th"]
[Site "Sao Paulo"]
[Date "2002.10.02"]
[Round "6"]
[White "Gomez Baillo, Jorge H"]
[Black "Lima, Darcy"]
[Result "1-0"]
[WhiteElo "2456"]
[BlackElo "2541"]
[PlyCount "73"]
[EventDate "2002.09.28"]
[Source "ChessBase"]
[SourceDate "2002.11.06"]

1. e4 b6 2. d4 Bb7 3. Bd3 e6 4. Nf3 c5 5. O-O cxd4 6. Nxd4 Na6 7. c4 Nc5 8. Nc3 Nxd3 9. Qxd3 a6 10. Bf4 d6 11. Nf3 Qc7 12. Rfd1 Rd8 13. e5 Qc6 14. b4 d5 15. cxd5 exd5 16. Nd4 Qg6 17. a3 Ne7 18. Rac1 Qxd3 19. Rxd3 Ng6 20. Nce2 Rd7 21. Bg3 h5 22. e6 fxe6 23. Nxe6 h4 24. Bc7 b5 25. N2d4 Be7 26. Nxg7+ Kf7 27. Ngf5 Rc8 28. Rdc3 Bf8 29. f4 Re8 30. g3 Re4 31. Bb6 hxg3 32. hxg3 Kf6 33. Rc7 Rxc7 34. Rxc7 Ba8 35. Rc8 Bb7 36. Rb8 Bc6 37. Bd8+ 1-0

[Event "ESP-ch plof"]
[Site "?"]
[Date "1993.??.??"]
[Round "9"]
[White "Magem Badals, J."]
[Black "Garcia Ilundain, D."]
[Result "1/2-1/2"]
[WhiteElo "2505"]
[BlackElo "2480"]
[PlyCount "42"]
[EventDate "1993.??.??"]
[Source "www.chesslib.no"]
[SourceDate "2004.05.04"]

1. e4 c5 2. Nf3 d5 3. d4 cxd4 4. Nxd4 Nf6 5. Nc3 Nc6 6. Bg5 e6 7. Qd2 a6 8. O-O-O Bd7 9. f3 Qc7 10. Kb1 Be7 11. h4 Rc8 12. g4 Nxd4 13. Qxd4 b5 14. Be3 e5 15. Qb6 Qxb6 16. Bxb6 h6 17. Ba5 Rc6 18. Bb4 Be6 19. Rh2 Kd7 20. a4 bxa4 21. Ba3 Rb8 1/2-1/2

[Event "Montpellier opA"]
[Site "Montpellier"]
[Date "1998.??.??"]
[Round "6"]
[White "Anic, Darko"]
[Black "Degraeve, Jean Marc"]
[Result "1-0"]
[WhiteElo "2455"]
[BlackElo "2525"]
[PlyCount "185"]
[EventDate "1998.07.??"]
[Source "www.chesslib.no"]
[SourceDate "2004.05.04"]

1. Nf3 g6 2. d4 Bg7 3. e4 c5 4. c3 cxd4 5. cxd4 d5 6. e5 Nc6 7. Nc3 Bg4 8. Bb5 Nh6 9. h3 Bxf3 10. Qxf3 O-O 11. Be3 Nf5 12. Rd1 e6 13. O-O f6 14. exf6 Bxf6 15. Qg4 Rc8 16. Rfe1 Qb6 17. Rd2 Na5 18. Bd7 Rc7 19. Nxd5 exd5 20. Bxf5 Nc4 21. Be6+ Kh8 22. Bh6 Nxd2 23. Bxf8 Bxd4 24. Qf4 Ne4 25. Rxe4 dxe4 26. Bd6 Bg7 27. Bxc7 Qxe6 28. b3 h5 29. Qd6 Qf5 30. Qd2 g5 31. Bb8 a6 32. Ba7 g4 33. hxg4 hxg4 34. Qd8+ Kh7 35. Qe7 b5 36. Bd4 Qg6 37. Bxg7 Qxg7 38. Qxe4+ Kh6 39. Qe6+ Kg5 40. Qd5+ Kh6 41. Qd6+ Kg5 42. Qd2+ Kh5 43. g3 Qe5 44. Kh2 Qf5 45. a4 b4 46. Qf4 Qc2 47. Qf7+ Kg5 48. a5 Qe4 49. Qg7+ Kh5 50. Qh8+ Kg5 51. Qd8+ Kh5 52. Qc8 Qf3 53. Qc2 Kg5 54. Qc5+ Kg6 55. Qc2+ Kg5 56. Kg1 Qd5 57. Qc1+ Kh5 58. Qe3 Qxa5 59. Qe8+ Kg5 60. Qg8+ Kf5 61. Qh7+ Kf6 62. Qh6+ Ke7 63. Qg7+ Kd6 64. Qxg4 Qa1+ 65. Kg2 Qc3 66. Qg6+ Ke7 67. Qh7+ Kd6 68. Qg6+ Ke7 69. Qg5+ Kd6 70. Qd8+ Kc5 71. Qa5+ Kd4 72. Qb6+ Kd5 73. Qd8+ Ke4 74. Qd1 a5 75. g4 a4 76. bxa4 b3 77. a5 b2 78. a6 Kf4 79. Qa4+ Kg5 80. a7 b1=Q 81. a8=Q Qbd3 82. Qg8+ Kh4 83. g5+ Kh5 84. Qf7+ Qg6 85. Qxg6+ Kxg6 86. Qf4 Qc6+ 87. Kg3 Qc3+ 88. Kh2 Qh8+ 89. Kg2 Qd8 90. Qe5 Qa8+ 91. Kg3 Qa3+ 92. f3 Kh5 93. Qf6 1-0

[Event "Guingamp"]
[Site "?"]
[Date "2001.04.??"]
[Round "4"]
[White "Okhotnik Vladimir"]
[Black "Chatalbashev Boris"]
[Result "1-0"]
[WhiteElo "2478"]
[BlackElo "2499"]
[PlyCount "69"]
[EventDate "2001.??.??"]
[Source "www.chesslib.no"]
[SourceDate "2004.05.04"]

1. e4 g6 2. d4 Bg7 3. Nf3 c5 4. c3 cxd4 5. cxd4 d5 6. exd5 Nf6 7. Bb5+ Nbd7 8. d6 exd6 9. Qe2+ Qe7 10. Bf4 Qxe2+ 11. Bxe2 Ke7 12. a4 Nd5 13. Bg5+ N7f6 14. Nc3 Be6 15. O-O h6 16. Nxd5+ Bxd5 17. Bf4 g5 18. Bd2 Ne4 19. Bb4 f5 20. Bd3 a5 21. Ba3 Kd7 22. Rac1 Rhc8 23. Bb5+ Bc6 24. Bc4 d5 25. Bb3 Re8 26. Rfd1 Bf6 27. g3 g4 28. Ne1 Rac8 29. Kg2 Bg5 30. Ra1 f4 31. gxf4 Bxf4 32. Nd3 Bb8 33. Rac1 Re6 34. Kg1 Rce8 35. Re1 1-0

[Event "Cacak"]
[Site "Cacak"]
[Date "1991.??.??"]
[Round "3"]
[White "Strikovic, Aleksa"]
[Black "Pavlovic, Milos"]
[Result "1-0"]
[WhiteElo "2495"]
[BlackElo "2480"]
[PlyCount "55"]
[EventDate "1991.05.??"]
[Source "ChessBase"]

1. Nf3 g6 2. e4 Bg7 3. d4 c5 4. c3 cxd4 5. cxd4 d5 6. exd5 Nf6 7. Bb5+ Nbd7 8. d6 exd6 9. Qe2+ Qe7 10. Bf4 Qxe2+ 11. Bxe2 Ke7 12. O-O Nb6 13. Re1 Rd8 14. Nc3 Be6 15. Ng5 Nfd5 16. Bg3 Bxd4 17. Nxd5+ Nxd5 18. Bg4 Nc7 19. Rac1 Rac8 20. Bh4 Kd7 21. Rxc7+ Rxc7 22. Nxe6 fxe6 23. Bxe6+ Ke8 24. Bh3+ Be5 25. f4 Rc4 26. Bxd8 Rxf4 27. Bg5 Rb4 28. b3 1-0

[Event "Jyvaskyla Open"]
[Site "Jyvaskyla FIN"]
[Date "1991.??.??"]
[Round "5"]
[White "Solozhenkin, Evgeniy"]
[Black "Kengis, Edvins"]
[Result "1/2-1/2"]
[WhiteElo "2415"]
[BlackElo "2545"]
[PlyCount "96"]
[EventDate "1991.??.??"]
[Source "www.chesslib.no"]
[SourceDate "2004.05.04"]

1. d4 e6 2. Nf3 b6 3. e4 Bb7 4. Bd3 c5 5. O-O cxd4 6. Nxd4 d6 7. c4 Nf6 8. Nc3 Nbd7 9. Qe2 Be7 10. b3 Rc8 11. Bb2 Qc7 12. Rad1 O-O 13. Bb1 Qb8 14. f4 Rfe8 15. Rfe1 g6 16. Kh1 a6 17. Nf3 Nh5 18. Qe3 Rcd8 19. Ne2 Bf8 20. Ng3 Nxg3+ 21. hxg3 e5 22. f5 b5 23. cxb5 axb5 24. g4 Nf6 25. g5 Nh5 26. Nh2 Qc7 27. Ng4 Qe7 28. Rf1 Bg7 29. Bd3 Bc6 30. f6 Qe6 31. Be2 Bf8 32. Nf2 d5 33. Bg4 Qd6 34. Bxh5 gxh5 35. Qh3 Qe6 36. Qxh5 dxe4 37. Rxd8 Rxd8 38. Ng4 Qe8 39. Rc1 Bd7 40. Nxe5 Bf5 41. Nc6 Rd2 42. Bc3 Qxc6 43. Bxd2 Qd6 44. Be3 Qg3 45. Bg1 e3 46. Rc3 Be4 47. Qh2 Bxg2+ 48. Qxg2 Qh4+ 1/2-1/2

[Event "Deutschland <Schach"]
[Site "Deutschland <Schach"]
[Date "1995.??.??"]
[Round "?"]
[White "Movsziszian, Karen"]
[Black "Lau, Ralf"]
[Result "1-0"]
[WhiteElo "2470"]
[BlackElo "2490"]
[PlyCount "47"]
[EventDate "1995.??.??"]
[Source "www.chesslib.no"]
[SourceDate "2004.05.04"]

1. d4 e6 2. Nf3 b6 3. e4 Bb7 4. Bd3 c5 5. O-O cxd4 6. Nxd4 Ne7 7. b3 Nbc6 8. Nxc6 Nxc6 9. Bb2 Qh4 10. Nd2 Rd8 11. c4 f6 12. Nf3 Qh5 13. a3 Be7 14. Qe2 O-O 15. Rad1 Rfe8 16. Rd2 Bd6 17. Qd1 Bf4 18. Rc2 f5 19. g3 Na5 20. Re1 fxe4 21. Bxe4 d5 22. cxd5 exd5 23. Qd4 Bh6 24. Rc7 1-0

[Event "Leonardo di Bono 6th"]
[Site "Cutro"]
[Date "2000.05.04"]
[Round "8"]
[White "Ristic, Nenad"]
[Black "Chatalbashev, Boris"]
[Result "0-1"]
[WhiteElo "2435"]
[BlackElo "2522"]
[PlyCount "52"]
[EventDate "2000.04.27"]
[Source "ChessBase"]
[SourceDate "2000.07.27"]

1. e4 g6 2. d4 Bg7 3. Nf3 c5 4. dxc5 Qa5+ 5. Nc3 Bxc3+ 6. bxc3 Qxc3+ 7. Bd2 Qxc5 8. Bd3 d6 9. O-O Nf6 10. Bh6 Nbd7 11. Rb1 b6 12. Qe2 Ng4 13. Bg7 Rg8 14. Rb5 Qc7 15. Ba1 Nge5 16. Nd4 g5 17. Rbb1 a6 18. f4 gxf4 19. Rxf4 Nc5 20. Qh5 Bg4 21. Nb5 axb5 22. Bxb5+ Ncd7 23. Qxh7 O-O-O 24. Qh4 Bf3 25. Bd4 Qxc2 26. Rb2 Qd1+ 0-1

[Event "Winterthur op 1st"]
[Site "Winterthur"]
[Date "2001.10.12"]
[Round "8"]
[White "Pavlovic, Milos"]
[Black "Filipovic, Branko"]
[Result "1-0"]
[WhiteElo "2488"]
[BlackElo "2462"]
[PlyCount "51"]
[EventDate "2001.10.05"]
[Source "ChessBase"]
[SourceDate "2001.10.26"]

1. e4 b6 2. d4 Bb7 3. Bd3 e6 4. Nf3 c5 5. O-O cxd4 6. Nxd4 Nc6 7. Nxc6 Bxc6 8. Nc3 Ne7 9. Bg5 f6 10. Be3 g6 11. Nb5 Bg7 12. Nd6+ Kf8 13. Ba6 f5 14. Bd4 e5 15. Bc3 Bxe4 16. Re1 Bd5 17. Bxe5 Bxe5 18. Rxe5 Be6 19. Qd2 h6 20. Qc3 Rh7 21. Rae1 Rg7 22. Bc4 Qc7 23. Rxe6 dxe6 24. Rxe6 Nd5 25. Rf6+ Rf7 26. Bxd5 1-0

[Event "Olot"]
[Site "Olot"]
[Date "1971.??.??"]
[Round "?"]
[White "Andersson, Ulf"]
[Black "Quinteros, Miguel A"]
[Result "1-0"]
[WhiteElo "2480"]
[BlackElo "2470"]
[PlyCount "109"]
[EventDate "1971.??.??"]
[Source "www.chesslib.no"]
[SourceDate "2004.05.04"]

1. Nf3 c5 2. e4 Qc7 3. c3 Nf6 4. e5 Nd5 5. d4 cxd4 6. cxd4 d6 7. Be2 dxe5 8. dxe5 e6 9. O-O Nc6 10. Re1 Bd7 11. Bf1 Be7 12. Bd2 O-O 13. Nc3 Nxc3 14. Bxc3 Nb4 15. Bxb4 Bxb4 16. Re4 Be7 17. Rc1 Bc6 18. Bb5 Rfd8 19. Qc2 Qb6 20. Bxc6 Rac8 21. Rc4 Rxc6 22. Rxc6 Qxc6 23. Qxc6 bxc6 24. Kf1 c5 25. Rc3 Rb8 26. Rc2 f6 27. Ke2 Rb4 28. Nd2 Rd4 29. f3 Rd5 30. Nc4 Rd7 31. Rc3 Rb7 32. Ra3 Kf7 33. Ra6 fxe5 34. Nxe5+ Kf6 35. Nc4 Bd8 36. Rc6 Rc7 37. Rd6 Ke7 38. b3 Rd7 39. Rc6 Rc7 40. Ra6 Rb7 41. Kd3 Bc7 42. g3 Kd7 43. Ke4 Bb6 44. Ne5+ Kc7 45. Ra4 Rb8 46. Rc4 Kd6 47. Rc3 Rb7 48. f4 Rc7 49. g4 h6 50. g5 hxg5 51. fxg5 Ke7 52. Rf3 Ke8 53. Rh3 Ke7 54. Rh7 Kd6 55. h4 1-0

[Event "56th ch-RUS"]
[Site "Krasnoyarsk"]
[Date "2003.09.05"]
[Round "3"]
[White "Tseshkovsky, Vitaly"]
[Black "Zablotsky, Sergei"]
[Result "1-0"]
[WhiteElo "2538"]
[BlackElo "2410"]
[PlyCount "115"]
[EventDate "2003.09.03"]
[Source "Roberto Alvarez"]
[SourceDate "2003.09.15"]

1. e4 g6 2. d4 Bg7 3. Nf3 c5 4. dxc5 Qa5+ 5. Nc3 Bxc3+ 6. bxc3 Qxc3+ 7. Bd2 Qxc5 8. Rb1 d6 9. Bb5+ Nd7 10. O-O Ngf6 11. Bh6 Nxe4 12. Rb3 a6 13. Bd3 Nef6 14. Re1 Ng4 15. Qd2 Nde5 16. Nxe5 Nxe5 17. Be4 Rb8 18. Be3 Qc7 19. Bb6 Qd7 20. Qh6 Rf8 21. h3 Nc4 22. Ba7 Ra8 23. Bd4 d5 24. Bd3 f6 25. Qxh7 e5 26. Bxg6+ Kd8 27. Qh6 Rg8 28. Bb6+ Nxb6 29. Rxb6 Qe7 30. Bh5 Bxh3 31. Bf3 Be6 32. c4 e4 33. cxd5 Bxd5 34. Qf4 Qe5 35. Qxe5 fxe5 36. Bxe4 Bxe4 37. Rxe4 Kc7 38. Re6 Rad8 39. R4xe5 Rd1+ 40. Re1 Rd2 41. R6e2 Rd7 42. Re7 b5 43. g3 Rgd8 44. Kg2 b4 45. f4 Kc6 46. Rxd7 Rxd7 47. f5 a5 48. g4 a4 49. g5 Rd5 50. Rf1 Kd7 51. Kh3 b3 52. axb3 axb3 53. Kg4 b2 54. f6 Ke6 55. Kh5 Rb5 56. f7 Rb8 57. Kg6 Rf8 58. Re1+ 1-0

[Event "Salamanca"]
[Site "?"]
[Date "1991.??.??"]
[Round "?"]
[White "Sanz Alonso, F."]
[Black "Zapata, A."]
[Result "1/2-1/2"]
[WhiteElo "2415"]
[BlackElo "2530"]
[PlyCount "29"]
[EventDate "1991.??.??"]
[Source "www.chesslib.no"]
[SourceDate "2004.05.04"]

1. e4 c5 2. Nf3 e5 3. d4 cxd4 4. Nxd4 a6 5. Nc3 Qc7 6. f4 b5 7. Bd3 Bb7 8. Qe2 Nc6 9. Nf3 Nge7 10. O-O Nb4 11. a3 Nxd3 12. cxd3 Nc6 13. Be3 Be7 14. Rac1 O-O 15. d4 1/2-1/2

[Event "XI Festival"]
[Site "Voronezh RUS"]
[Date "2007.06.20"]
[Round "8"]
[White "Can, E."]
[Black "Kryakvin, D."]
[Result "1/2-1/2"]
[WhiteElo "2404"]
[BlackElo "2539"]
[PlyCount "44"]
[EventDate "2007.06.12"]
[Source "www.chesslib.no"]
[SourceDate "2004.05.04"]

1. e4 c5 2. c3 g6 3. Nf3 Bg7 4. Na3 Nf6 5. e5 Nd5 6. d4 cxd4 7. Qxd4 Nb6 8. Bf4 Nc6 9. Qd2 O-O 10. O-O-O d6 11. exd6 Be6 12. dxe7 Nxe7 13. Qxd8 Rfxd8 14. Rxd8+ Rxd8 15. Nb5 Bxa2 16. Be2 Ned5 17. Bg5 f6 18. Bd2 Nc4 19. Kc2 Nxd2 20. Nxd2 Nf4 21. Bf3 a6 22. Nd4 Bd5 1/2-1/2